[Event "4th Mediterranean Open"]
[Site "Rijeka CRO"]
[Date "2010.11.16"]
[Round "5.12"]
[White "Medancic, Rikard"]
[Black "Caspi, Israel"]
[Result "1/2-1/2"]
[WhiteTitle "IM"]
[BlackTitle "IM"]
[WhiteElo "2284"]
[BlackElo "2460"]
[WhiteFideId "14500531"]
[BlackFideId "2807394"]
[EventDate "2010.11.13"]

1. d4 f5 2. Bg5 g6 3. Nc3 Bg7 4. e4 fxe4 5. Nxe4 d5 6. Nc5 b6 7. Nb3 Nh6 8. c3
O-O 9. Nf3 Qd6 10. Qd2 Nf7 11. Be3 a5 12. Be2 a4 13. Nc1 Nc6 14. O-O e5 15. dxe5
Nfxe5 16. Nxe5 Nxe5 17. Bf4 Bf5 18. Bg3 Qe6 19. a3 Rad8 20. Bd3 Nxd3 21. Nxd3 d4
22. Nf4 Qb3 23. c4 Qxc4 24. Rac1 Qf7 25. Nd3 c5 26. Ne5 Qd5 27. f4 Bf6 28. h3 b5
29. Rfe1 c4 30. Kh2 d3 31. Re3 Bc8 32. Rce1 Bb7 33. Ng4 Bg7 34. Re7 Rf7 35. f5
gxf5 36. Ne3 Qc5 37. Rxf7 Kxf7 38. Rf1 Be4 39. Ng4 Rf8 40. Qg5 Qe7 41. Nh6+ Ke6
42. Qe3 Bxh6 43. Qxh6+ Rf6 44. Qe3 Rg6 45. Rxf5 Kxf5 46. Qf4+ Ke6 47. Qxe4+ Kf7
48. Qf5+ Kg8 49. Qxb5 Rxg3 50. Qxc4+ Qf7 51. Qc8+ Qf8 52. Qc4+ Kh8 53. Kxg3 Qd6+
54. Kf2 d2 55. Qc8+ Kg7 56. Qg4+ Kf6 57. Qd1 Qd3 58. g3 h6 59. Kg2 Qe4+ 60. Kf2
Qd3 61. Kg2 Qe4+ 62. Kf2 Qd3 1/2-1/2

[Event "4th Mediterranean Open"]
[Site "Rijeka CRO"]
[Date "2010.11.16"]
[Round "5.13"]
[White "Baron, Tal"]
[Black "Hagesaether, Ellen"]
[Result "1-0"]
[WhiteTitle "IM"]
[BlackTitle "WIM"]
[WhiteElo "2455"]
[BlackElo "2275"]
[WhiteFideId "2809958"]
[BlackFideId "1501909"]
[EventDate "2010.11.13"]

1. e4 c6 2. d4 d5 3. f3 dxe4 4. fxe4 e5 5. Nf3 Bg4 6. Bc4 Bxf3 7. Qxf3 Nf6 8.
dxe5 Qa5+ 9. Nc3 Qxe5 10. Bf4 Qh5 11. Qg3 Na6 12. e5 Nd7 13. Rd1 Nac5 14. O-O b5
15. Be2 Qg6 16. Qh3 h5 17. Rd2 Qe6 18. Qf3 Rc8 19. b4 Nb7 20. a3 a5 21. Rfd1 Rc7
22. Kh1 Nxe5 23. Nxb5 Rc8 24. Bxe5 Qxe5 25. Bc4 Qf6 26. Qh3 1-0

[Event "4th Mediterranean Open"]
[Site "Rijeka CRO"]
[Date "2010.11.16"]
[Round "5.14"]
[White "Loncar, Robert"]
[Black "Ivanov, Stojan Emilov"]
[Result "1-0"]
[WhiteTitle "IM"]
[WhiteElo "2404"]
[BlackElo "2205"]
[WhiteFideId "14501325"]
[BlackFideId "2903245"]
[EventDate "2010.11.13"]

1. e4 c5 2. Nc3 a6 3. Nf3 e6 4. g3 Nc6 5. Bg2 Nf6 6. O-O d6 7. d4 cxd4 8. Nxd4
Nxd4 9. Qxd4 Be7 10. h3 O-O 11. Be3 Bd7 12. a4 Rc8 13. a5 Qc7 14. Qd2 Bc6 15.
Bb6 Qb8 16. f4 Rfe8 17. Qf2 Bf8 18. g4 Re7 19. Rfd1 Ree8 20. Kh1 Nd7 21. Bd4 Qc7
22. Be3 Be7 23. g5 Bf8 24. Ne2 Nc5 25. Ng3 Na4 26. c4 g6 27. Qc2 Qxa5 28. b3 Qc3
29. Qxc3 Nxc3 30. Rdc1 Bg7 31. Bd2 Nxe4 32. Nxe4 Bxa1 33. Rxa1 Bxe4 34. Bxe4 d5
35. cxd5 exd5 36. Bd3 Re6 37. Kg1 Rb6 38. b4 Kf8 39. Ra5 Ke7 40. Kf2 Ke6 41. Ke3
d4+ 42. Kxd4 Rd6+ 43. Ke3 Rd5 44. Rxd5 Kxd5 45. Be4+ Kc4 46. Bxb7 Re8+ 47. Be4
Re6 48. h4 f5 49. gxf6 Rxf6 50. Bd3+ Kd5 51. Bc3 Re6+ 52. Kf3 Rb6 53. h5 gxh5
54. Bxh7 Kc4 55. Be1 Rh6 56. Bf5 Rd6 57. Bc2 Re6 58. Bh4 Kxb4 59. f5 Rc6 60.
Be7+ Kc3 61. Be4 Rc8 62. f6 a5 63. f7 a4 64. Bc6 Kb3 65. Be8 Rc1 66. Ke2 Rc2+
67. Ke3 Rc3+ 68. Ke4 Rc4+ 69. Ke5 1-0

[Event "4th Mediterranean Open"]
[Site "Rijeka CRO"]
[Date "2010.11.16"]
[Round "5.15"]
[White "Doric, Nenad"]
[Black "Drazic, Sinisa"]
[Result "0-1"]
[WhiteTitle "IM"]
[BlackTitle "GM"]
[WhiteElo "2320"]
[BlackElo "2524"]
[WhiteFideId "14501694"]
[BlackFideId "901172"]
[EventDate "2010.11.13"]

1. e4 c5 2. Nf3 h6 3. c3 e6 4. d4 d5 5. exd5 exd5 6. Bb5+ Bd7 7. Qe2+ Qe7 8.
Bxd7+ Nxd7 9. dxc5 Qxe2+ 10. Kxe2 Bxc5 11. Be3 Ngf6 12. Nbd2 O-O 13. Nb3 Bxe3
14. Kxe3 Ng4+ 15. Ke2 Rfe8+ 16. Kf1 Nb6 17. Nc5 Nc4 18. Nd3 a5 19. Nd4 Nge5 20.
Nxe5 Rxe5 21. Nf3 Re7 22. b3 Na3 23. Nd4 Rc8 24. Rc1 b5 25. Ne2 Rce8 26. Nd4 Rc7
27. Ne2 b4 28. cxb4 Rxc1+ 29. Nxc1 Nc2 30. g3 axb4 31. Nd3 Ra8 32. Nc1 Re8 33.
Nd3 Ra8 34. Nc1 Kf8 35. Ke2 Ke7 36. Rd1 Kd6 37. Rd2 Na3 38. Nd3 Nb1 39. Rc2 Nc3+
40. Kd2 Nxa2 41. h4 g6 42. Rb2 Ra7 43. Rc2 Ra3 44. Rb2 g5 45. hxg5 hxg5 46. Rc2
Nc3 47. Nxb4 Ne4+ 48. Ke2 Rxb3 49. Nd3 Nc3+ 50. Kd2 d4 51. Rb2 Ne4+ 52. Ke2
Rxb2+ 53. Nxb2 Kd5 54. Kf3 f5 55. Ke2 Kc5 56. Na4+ Kb5 57. Nb2 Nc5 58. Kd2 Kb4
59. f3 Kb5 60. Ke2 Kc6 61. Kd2 Kd5 62. Ke2 Nd7 63. Nd3 Kc4 64. Kd2 Kd5 65. Nb4+
Kc5 66. Nd3+ Kc4 67. Nb2+ Kd5 68. Nd3 Ne5 69. Ne1 g4 70. fxg4 fxg4 71. Ng2 Ke4
72. Ke2 Nd3 73. Nh4 Nb2 74. Kd2 Nc4+ 75. Ke2 d3+ 76. Kf2 Ne3 77. Ke1 Nf5 78. Ng6
Nxg3 79. Kd2 Nf1+ 80. Ke1 Ne3 81. Kd2 g3 82. Nh4 g2 0-1

[Event "4th Mediterranean Open"]
[Site "Rijeka CRO"]
[Date "2010.11.16"]
[Round "5.16"]
[White "Drljevic, Ljilja"]
[Black "Zufic, Miroslav"]
[Result "1/2-1/2"]
[WhiteTitle "WIM"]
[BlackTitle "IM"]
[WhiteElo "2298"]
[BlackElo "2442"]
[WhiteFideId "928879"]
[BlackFideId "14506157"]
[EventDate "2010.11.13"]

1. e4 c5 2. d3 d5 3. Nd2 Nc6 4. Ngf3 Nf6 5. g3 g6 6. Bg2 Bg7 7. O-O O-O 8. c3
dxe4 9. dxe4 Qc7 10. Qe2 Nd7 11. Nc4 b6 12. Ne3 e6 13. Ng4 a5 14. Nh6+ Kh8 15.
Re1 Ba6 16. Qc2 Nde5 17. Nxe5 Nxe5 18. Bf4 Qe7 19. Bxe5 Bxe5 20. f4 Bg7 21. Ng4
Rad8 22. e5 Rd7 23. Rad1 Rfd8 24. Bc6 Rxd1 25. Rxd1 g5 26. Qc1 Be2 27. Rxd8+
Qxd8 28. Nf6 gxf4 29. Qxf4 Qd1+ 30. Kg2 Bh6 31. Qf2 Be3 32. Ba4 Qd2 33. Ne4 Bxf2
34. Nxd2 Be3 35. Ne4 Kg7 36. Be8 Bc1 37. b3 Bb2 38. Kf2 Bd3 39. Ke3 Bb1 40. a4
Bc2 41. Bb5 Bc1+ 42. Kf3 Bd1+ 43. Kf2 Bxb3 44. Ke2 Bd5 45. Nf6 Bg2 46. Nd7 h5
47. h4 Be4 48. Nxb6 Kg6 49. Nc4 Bh6 50. Nxa5 Bg7 51. Ke3 Kf5 52. Nc4 Bd5 53.
Nd6+ Kg4 54. Be2+ Kxg3 55. Nxf7 Bf8 56. a5 c4 57. Kd4 Be7 58. a6 Bxh4 59. Kc5
Kf4 60. Bxh5 Bf2+ 61. Kd6 Ke3 62. Bg4 Kd3 63. Bxe6 Bxe6 64. Kxe6 Kxc3 65. Nd6
Kb4 66. Nxc4 Kb5 67. Kd7 Kxa6 68. e6 Bh4 69. Kc6 Bf6 70. Nd6 Bh4 71. Ne8 Bg5 72.
Nc7+ Ka5 73. Nd5 Bh4 74. Nf4 Bg5 75. Ng6 Bf6 76. Kd6 Kb5 77. Ne7 Bb2 78. Nd5
Ba3+ 79. Kd7 Kc4 80. Nb6+ Kd4 81. Ke8 Ke5 82. Kf7 Bb4 83. Nd7+ Kd5 84. Nb6+ Ke5
85. Nc8 Bc5 86. Ne7 Ba3 87. Ng6+ Kd5 88. Nf4+ Ke5 89. Ng6+ 1/2-1/2

[Event "4th Mediterranean Open"]
[Site "Rijeka CRO"]
[Date "2010.11.16"]
[Round "5.17"]
[White "Franciskovic, Borka"]
[Black "Bukal, Vladimir Jr."]
[Result "1/2-1/2"]
[WhiteTitle "WIM"]
[BlackTitle "IM"]
[WhiteElo "2274"]
[BlackElo "2390"]
[WhiteFideId "14507943"]
[BlackFideId "14502941"]
[EventDate "2010.11.13"]

1. Nf3 c5 2. c4 g6 3. Nc3 Bg7 4. g3 Nc6 5. Bg2 d6 6. O-O e5 7. Ne1 Be6 8. d3
Nge7 9. Nc2 d5 10. cxd5 Nxd5 11. Ne4 b6 12. Ng5 Bc8 13. Ne3 Nde7 14. f4 O-O 15.
fxe5 Rb8 16. Bd2 Nxe5 17. Qa4 h6 18. Ne4 N7c6 19. Rae1 b5 20. Qc2 c4 21. dxc4
bxc4 22. Kh1 Nd4 23. Qc1 Bb7 24. Nxc4 Nxc4 25. Qxc4 Ba8 26. Bb4 Rxb4 27. Qxb4
Nc2 28. Qa4 Nxe1 29. Rxe1 Qb6 30. Qc2 Rd8 31. Rf1 Qd4 32. b3 f5 33. Nf2 Bxg2+
34. Kxg2 Qe3 35. Rd1 Re8 36. Qc4+ Kh7 37. Rd7 Re7 38. Rxe7 Qxe7 39. Qd3 Qa3 40.
Qd2 Qe7 41. Kg1 Qe5 1/2-1/2

[Event "4th Mediterranean Open"]
[Site "Rijeka CRO"]
[Date "2010.11.16"]
[Round "5.18"]
[White "Foglia, Maurizio"]
[Black "Brumen, Dinko"]
[Result "1/2-1/2"]
[BlackTitle "IM"]
[WhiteElo "2204"]
[BlackElo "2359"]
[WhiteFideId "806838"]
[BlackFideId "14501490"]
[EventDate "2010.11.13"]

1. d4 e6 2. Bf4 b6 3. e3 Bb7 4. Nf3 Nf6 5. Nbd2 Be7 6. h3 O-O 7. Be2 c5 8. c3 d6
9. O-O Nbd7 10. a4 Re8 11. a5 Bf8 12. axb6 axb6 13. Nc4 Rxa1 14. Qxa1 Qc7 15.
Na3 e5 16. Bh2 g6 17. Rd1 Ra8 18. Qc1 Bc6 19. Nb5 Qb8 20. dxe5 dxe5 21. c4 Ne4
22. Nd2 Nd6 23. Nf3 Ne4 24. Nd2 Ng5 25. h4 Ne6 26. Bf3 Qb7 27. Bxc6 Qxc6 28. Nf3
e4 29. Ne5 Nxe5 30. Bxe5 Ng7 31. Bxg7 Bxg7 32. Nc3 Bxc3 33. Qxc3 Qe6 34. b3 Qg4
35. Ra1 Rxa1+ 36. Qxa1 Qxh4 37. Qa8+ Kg7 38. Qc6 Qf6 39. Qxe4 h5 40. Qd3 Qa1+
41. Kh2 Qe1 42. Qc2 f6 43. Qa2 Qa5 44. Qb2 Qa7 45. Qd2 Qc7+ 46. Kg1 h4 47. Qd5
g5 48. Qe6 Qd8 49. Kh2 Kg6 50. e4 Kg7 51. Qd5 Qc7+ 52. Kg1 Qa7 53. Kh2 Qb8+ 54.
Kg1 Kh6 55. Qe6 Kg7 56. Qd7+ Kf8 57. Qe6 Qd8 58. Kh2 Kg7 59. Qd5 Qe7 60. Kg1 Kh6
61. Qc6 g4 62. Qxb6 Kg5 63. Qc6 Kf4 64. Kf1 g3 65. fxg3+ hxg3 66. Qd5 Qxe4 67.
Qxc5 Qd3+ 68. Ke1 Qb1+ 69. Ke2 Qc2+ 70. Ke1 Qxg2 71. Qd6+ Kf5 72. Qd7+ Kf4 73.
Qc7+ Kg5 74. Qg7+ Kf5 75. Qd7+ Ke5 76. Qe7+ Kd4 77. Qxf6+ Kc5 78. Qe7+ Kd4 79.
Qf6+ Kc5 80. Qe7+ 1/2-1/2

[Event "4th Mediterranean Open"]
[Site "Rijeka CRO"]
[Date "2010.11.16"]
[Round "5.19"]
[White "Bontempi, Piero"]
[Black "Andersen, Alf R."]
[Result "1-0"]
[WhiteTitle "FM"]
[WhiteElo "2375"]
[BlackElo "2220"]
[WhiteFideId "809250"]
[BlackFideId "1503120"]
[EventDate "2010.11.13"]

1. e4 e5 2. Nf3 Nc6 3. d4 exd4 4. Nxd4 Bc5 5. Nb3 Be7 6. Nc3 Nf6 7. f4 d6 8. Be2
Be6 9. Nd4 Nxd4 10. Qxd4 c5 11. Qd3 O-O 12. O-O a6 13. Qg3 Bd7 14. b3 Bc6 15.
Bb2 Ne8 16. Rad1 Bh4 17. Qh3 Qe7 18. Bc4 Bf6 19. Rfe1 Bd4+ 20. Kh1 Nc7 21. Nd5
Bxd5 22. exd5 Qf6 23. c3 Bf2 24. Re2 b5 25. Bd3 Qh4 26. Rxf2 Qxh3 27. gxh3 Nxd5
28. Be4 Ne3 29. Re1 Rae8 30. Rxe3 d5 31. Rfe2 1-0

[Event "4th Mediterranean Open"]
[Site "Rijeka CRO"]
[Date "2010.11.16"]
[Round "5.20"]
[White "Fucak, Emilijo"]
[Black "Butuc, Maria"]
[Result "1/2-1/2"]
[WhiteTitle "FM"]
[BlackTitle "WIM"]
[WhiteElo "2280"]
[BlackElo "2180"]
[WhiteFideId "14501023"]
[BlackFideId "13902911"]
[EventDate "2010.11.13"]

1. c4 c6 2. g3 d5 3. Bg2 Nf6 4. Nf3 Bf5 5. cxd5 cxd5 6. Qb3 Qc8 7. O-O e6 8. d3
Bd6 9. Nc3 Nc6 10. Bg5 O-O 11. Rac1 Qd7 12. Nb5 Na5 13. Qa4 a6 14. Nc3 Qxa4 15.
Nxa4 Nc6 16. Nc5 Bxc5 17. Rxc5 Nd7 18. Rcc1 e5 19. a3 a5 20. Rfe1 Be6 21. Bd2 f6
22. e3 a4 23. Red1 Rfc8 24. h3 b6 25. Ne1 Nc5 26. f4 Ra7 27. Bb4 Nb3 28. Rc2
exf4 29. gxf4 Rac7 30. Bd6 Rd7 31. Bb4 Rdd8 32. Bd2 Ne7 33. Bb4 Nc5 34. Bc3 Nf5
35. Bd2 Nd6 36. Bc3 1/2-1/2

[Event "4th Mediterranean Open"]
[Site "Rijeka CRO"]
[Date "2010.11.16"]
[Round "5.21"]
[White "Ionica, Iulia-Ionela"]
[Black "Naslund, Mikael"]
[Result "1/2-1/2"]
[WhiteTitle "WGM"]
[BlackTitle "FM"]
[WhiteElo "2244"]
[BlackElo "2151"]
[WhiteFideId "1205480"]
[BlackFideId "1708260"]
[EventDate "2010.11.13"]

1. e4 c5 2. Nf3 a6 3. Nc3 e6 4. d4 cxd4 5. Nxd4 b5 6. Bd3 Qb6 7. Be3 Bc5 8. Nce2
Nf6 9. c3 Ng4 10. O-O Nxe3 11. fxe3 Nc6 12. b4 Be7 13. Nxc6 dxc6 14. Nd4 e5 15.
Qf3 O-O 16. Nf5 Bxf5 17. exf5 e4 18. Bxe4 Bf6 19. Kh1 Rac8 20. Rae1 c5 21. Bd5
cxb4 22. cxb4 Rc3 23. Qf4 Re8 24. Rc1 Be5 1/2-1/2

[Event "4th Mediterranean Open"]
[Site "Rijeka CRO"]
[Date "2010.11.16"]
[Round "5.22"]
[White "Andrejic, Vladica"]
[Black "Pavlovic, Ranko"]
[Result "1/2-1/2"]
[BlackTitle "FM"]
[WhiteElo "2168"]
[BlackElo "2242"]
[WhiteFideId "928178"]
[BlackFideId "14501988"]
[EventDate "2010.11.13"]

1. d4 Nf6 2. c4 e6 3. Nc3 d5 4. cxd5 exd5 5. Bg5 Be7 6. e3 O-O 7. Bd3 Nbd7 8.
Nge2 Re8 9. O-O Nf8 10. b4 Ne6 11. Bxf6 Bxf6 12. Qb3 c6 13. Rac1 a6 14. a4 Be7
15. Ng3 g6 16. Rc2 Bd6 17. Rfc1 b5 18. a5 Bd7 19. Nce2 Qe7 20. Rb2 f5 21. f4 1/2-1/2

[Event "4th Mediterranean Open"]
[Site "Rijeka CRO"]
[Date "2010.11.16"]
[Round "5.23"]
[White "Valenti, Giuseppe"]
[Black "Ostling, Hakan"]
[Result "1-0"]
[WhiteTitle "FM"]
[WhiteElo "2122"]
[BlackElo "2207"]
[WhiteFideId "801119"]
[BlackFideId "1708635"]
[EventDate "2010.11.13"]

1. e4 g6 2. d4 Bg7 3. Nc3 c6 4. h3 d5 5. Nf3 Nh6 6. g4 f6 7. Be3 Nf7 8. Qd2 O-O
9. Bg2 Na6 10. O-O-O Nd6 11. exd5 Nc4 12. Qe2 cxd5 13. Nd2 Nxe3 14. fxe3 Nc7 15.
e4 e6 16. Rhe1 dxe4 17. Ndxe4 f5 18. Nc5 Bxd4 19. Qd2 Bf6 20. Qf2 Bh4 21. Qg1
Qg5+ 22. Re3 f4 23. N5e4 Qe5 24. Red3 b6 25. g5 Rb8 26. Bf3 Bb7 27. Qg4 Nd5 28.
Qxh4 Rf7 29. Nxd5 Bxd5 30. Nf6+ Kh8 31. Bxd5 exd5 32. Rxd5 Qe3+ 33. Kb1 1-0

[Event "4th Mediterranean Open"]
[Site "Rijeka CRO"]
[Date "2010.11.17"]
[Round "6.1"]
[White "Haznedaroglu, Kivanc"]
[Black "Kozul, Zdenko"]
[Result "0-1"]
[WhiteTitle "GM"]
[BlackTitle "GM"]
[WhiteElo "2439"]
[BlackElo "2595"]
[WhiteFideId "6300634"]
[BlackFideId "14502879"]
[EventDate "2010.11.13"]

1. e4 c5 2. Nf3 Nc6 3. d4 cxd4 4. Nxd4 Nf6 5. Nc3 d6 6. Bg5 e6 7. Qd2 a6 8.
O-O-O Bd7 9. f4 b5 10. Bxf6 gxf6 11. Kb1 h5 12. Nxc6 Bxc6 13. Qe3 Qe7 14. Bd3
Qa7 15. Qe1 Be7 16. f5 Qc5 17. Ne2 e5 18. Nc3 b4 19. Nd5 Bxd5 20. exd5 a5 21.
Qe2 Bd8 22. Bb5+ Ke7 23. Bc6 Rb8 24. Rd3 Qc4 25. b3 Qc5 26. Rc1 Bb6 27. c3 Qf2
28. Qxf2 Bxf2 29. Rf3 Bc5 30. h3 Rhg8 31. Rc2 h4 32. cxb4 axb4 33. Rc4 Rxg2 34.
Rxh4 Rbg8 35. Bb5 Rd2 36. Rg4 Rxg4 37. hxg4 Rxd5 38. Rh3 Kf8 39. Rd3 Bd4 40. Bc4
Rc5 41. Rh3 d5 42. Ba6 Kg7 43. Bb7 e4 44. Rh1 Bc3 45. Rd1 e3 46. Ba6 Bd2 47. Kb2
d4 0-1

[Event "4th Mediterranean Open"]
[Site "Rijeka CRO"]
[Date "2010.11.17"]
[Round "6.2"]
[White "Predojevic, Borki"]
[Black "Tate, Alan"]
[Result "1-0"]
[WhiteTitle "GM"]
[WhiteElo "2632"]
[BlackElo "2234"]
[WhiteFideId "930849"]
[BlackFideId "2401878"]
[EventDate "2010.11.13"]

1. e4 c5 2. Nf3 d6 3. d4 Nf6 4. Nc3 cxd4 5. Nxd4 a6 6. Be3 e5 7. Nf3 Be7 8. Bc4
O-O 9. O-O Be6 10. Bb3 Nc6 11. Qe2 Na5 12. Rfd1 Nxb3 13. axb3 Qc7 14. Bg5 Nh5
15. Ne1 Bxg5 16. Qxh5 Bh6 17. Qh4 f5 18. Nd5 Bxd5 19. Rxd5 fxe4 20. Qxe4 Rf4 21.
Qe2 Raf8 22. Nd3 R4f6 23. c4 Qb6 24. b4 g6 25. Rd1 Qc6 26. b3 b5 27. Qe4 bxc4
28. bxc4 Qa4 29. Rf1 Qc2 30. f3 Bd2 31. c5 dxc5 32. bxc5 a5 33. Rd7 R8f7 34. Qd5
Be3+ 35. Kh1 Bd4 36. Rxf7 Rxf7 37. Nxe5 Bxe5 38. Qxe5 a4 39. Qe8+ Kg7 40. Qe5+
Kg8 41. Qa1 Qxc5 42. Qxa4 Qc6 43. h3 Kg7 44. Qe4 Qf6 45. Re1 h5 46. Qe8 Qf4 1-0

[Event "4th Mediterranean Open"]
[Site "Rijeka CRO"]
[Date "2010.11.17"]
[Round "6.3"]
[White "Cvitan, Ognjen"]
[Black "Stevic, Hrvoje"]
[Result "1/2-1/2"]
[WhiteTitle "GM"]
[BlackTitle "GM"]
[WhiteElo "2526"]
[BlackElo "2621"]
[WhiteFideId "14500086"]
[BlackFideId "14502569"]
[EventDate "2010.11.13"]

1. d4 d5 2. c4 dxc4 3. e3 e5 4. Bxc4 exd4 5. exd4 Nf6 6. Nf3 Bd6 7. Qe2+ Qe7 8.
Qxe7+ Kxe7 9. O-O Be6 10. Re1 Kd7 11. Bf1 Nc6 12. Nc3 Nb4 13. Ne5+ Ke7 14. Re2
Rhd8 15. Bg5 Kf8 16. a3 Nbd5 17. Ne4 h6 18. Nxd6 cxd6 19. Bxf6 Nxf6 20. Ng6+ Kg8
21. Nf4 Bd7 1/2-1/2

[Event "4th Mediterranean Open"]
[Site "Rijeka CRO"]
[Date "2010.11.17"]
[Round "6.4"]
[White "Lenic, Luka"]
[Black "Nevednichy, Vladislav"]
[Result "1-0"]
[WhiteTitle "GM"]
[BlackTitle "GM"]
[WhiteElo "2619"]
[BlackElo "2547"]
[WhiteFideId "14603853"]
[BlackFideId "1205730"]
[EventDate "2010.11.13"]

1. d4 d6 2. Nf3 Nf6 3. c4 g6 4. Nc3 Bg7 5. e4 O-O 6. Be2 e5 7. O-O Nbd7 8. Be3
Re8 9. Qc2 Ng4 10. Bg5 Bf6 11. Bxf6 Ngxf6 12. Rad1 Nh5 13. g3 Nhf6 14. Rfe1 c6
15. Bf1 Qe7 16. h3 a6 17. Bg2 exd4 18. Nxd4 Nh5 19. Re3 Ne5 20. b3 f6 21. Na4 c5
22. Ne2 b5 23. Nb6 Rb8 24. Nd5 Qf7 25. f4 Nc6 26. g4 Ng7 27. cxb5 axb5 28. e5
fxe5 29. fxe5 Rxe5 30. Rf3 Qa7 31. Nf6+ Kh8 32. Qd2 Qe7 33. Nf4 g5 34. N4d5 Qa7
35. Nxh7 Kxh7 36. Nf6+ Kh8 37. Qxd6 Qe7 38. Qxc6 Bb7 39. Qxb5 Rf8 40. Nd5 Bxd5
41. Rxf8+ Qxf8 42. Bxd5 Qf4 43. Bg2 Ne6 44. Kh1 Qf8 45. Qa5 Kg7 46. Re1 Qd6 47.
Qc3 Nd4 48. Qd2 Qe6 49. Rxe5 Qxe5 50. Qd3 Ne2 51. Bf1 Ng3+ 52. Kg2 Nxf1 53. Qxf1
Qe4+ 54. Qf3 Qc2+ 55. Qf2 Qe4+ 56. Kh2 Qe5+ 57. Kg1 Qd5 58. Qb2+ Kg8 59. Qe2
Qd4+ 60. Kg2 Kg7 61. Qe7+ Kg6 62. Qe6+ Kg7 63. Qe2 Qd5+ 64. Kf2 Qf7+ 65. Qf3 Qa7
66. a4 c4+ 67. Kg2 cxb3 68. Qxb3 Qa5 69. Qb2+ Kg6 70. Qd4 Qe1 71. Qd6+ Kg7 72.
Qd7+ Kh6 73. Qc6+ Kg7 74. Qc2 Kh6 75. Qc6+ Kg7 76. Qb7+ Kh6 77. Qb6+ Kh7 78. Qb5
Qd2+ 79. Kf3 Qf4+ 80. Ke2 Qh2+ 81. Kd1 Qxh3 82. Qf5+ Kg7 83. Qxg5+ Kf8 84. Qc5+
Kg8 85. Qc4+ Kg7 86. a5 Qa3 87. a6 Kg6 88. Qb5 Qf3+ 89. Qe2 Qa3 90. Qc2+ Kg7 91.
Qc7+ Kg6 92. Qc6+ Kg7 93. Kc2 Qa2+ 94. Kc3 Qa1+ 95. Kc4 Qf1+ 96. Kc5 Qf2+ 97.
Kb5 Qb2+ 98. Ka5 Qa3+ 99. Kb6 Qb4+ 100. Kc7 Qf4+ 101. Qd6 Qc4+ 102. Kb7 Qe4+
103. Kb6 Qe3+ 104. Qc5 Qb3+ 105. Kc7 Qg3+ 106. Qd6 Qc3+ 107. Kd8 1-0

[Event "4th Mediterranean Open"]
[Site "Rijeka CRO"]
[Date "2010.11.17"]
[Round "6.5"]
[White "Martinovic, Sasa"]
[Black "Brkic, Ante"]
[Result "0-1"]
[WhiteTitle "IM"]
[BlackTitle "GM"]
[WhiteElo "2502"]
[BlackElo "2564"]
[WhiteFideId "14509792"]
[BlackFideId "14506688"]
[EventDate "2010.11.13"]

1. d4 d5 2. c4 c6 3. Nc3 Nf6 4. e3 e6 5. Nf3 Nbd7 6. Qc2 Bd6 7. g4 h6 8. Rg1 e5
9. cxd5 cxd5 10. h4 e4 11. Nd2 Nb6 12. g5 hxg5 13. hxg5 Ng8 14. a4 a5 15. Nb5
Ne7 16. Nxd6+ Qxd6 17. Qc5 Qxc5 18. dxc5 Nd7 19. Nb3 Ne5 20. Be2 N7c6 21. Bd2
Rh2 22. Bc3 g6 23. O-O-O Rxf2 24. Bb5 Nd3+ 25. Bxd3 exd3 26. Rh1 Nb4 27. Rh8+
Kd7 28. Bf6 Ra6 29. Nd4 Raxf6 30. gxf6 Rxf6 31. Kd2 Na6 32. Kxd3 Nxc5+ 33. Ke2
b6 34. e4 Nxe4 35. Nb5 Bb7 36. b3 Nc5 37. Rh3 Re6+ 38. Re3 Rxe3+ 39. Kxe3 Nxb3
40. Rf1 Ke7 41. Rb1 Nc5 42. Nc3 Bc6 43. Rxb6 Kd7 44. Kd4 Ne6+ 45. Ke5 d4 46. Nd5
d3 47. Rb2 Nc5 48. Rd2 f5 49. Nb6+ Ke7 50. Nc4 Bxa4 51. Kd5 Ne6 52. Ke5 Nc5 53.
Kd5 Ne6 54. Ke5 Bc2 55. Na3 Ng5 0-1

[Event "4th Mediterranean Open"]
[Site "Rijeka CRO"]
[Date "2010.11.17"]
[Round "6.6"]
[White "Popovic, Dusan"]
[Black "Berescu, Alin-Mile"]
[Result "1/2-1/2"]
[WhiteTitle "GM"]
[BlackTitle "GM"]
[WhiteElo "2546"]
[BlackElo "2468"]
[WhiteFideId "927031"]
[BlackFideId "1204920"]
[EventDate "2010.11.13"]

1. e4 e6 2. d4 d5 3. Nd2 Nf6 4. e5 Nfd7 5. Bd3 c5 6. c3 Nc6 7. Ngf3 g6 8. h4 Qb6
9. h5 g5 10. Nxg5 cxd4 11. cxd4 Qxd4 12. Ndf3 Qb4+ 13. Bd2 Qxb2 14. Rb1 Qa3 15.
Rb3 Qxa2 16. Bb1 Qa6 17. Bd3 Qa2 18. Bb1 Qa6 19. Bd3 1/2-1/2

[Event "4th Mediterranean Open"]
[Site "Rijeka CRO"]
[Date "2010.11.17"]
[Round "6.7"]
[White "Nikolov, Sasho"]
[Black "Saric, Ivan"]
[Result "0-1"]
[WhiteTitle "IM"]
[BlackTitle "GM"]
[WhiteElo "2458"]
[BlackElo "2574"]
[WhiteFideId "2900297"]
[BlackFideId "14508150"]
[EventDate "2010.11.13"]

1. d4 Nf6 2. c4 g6 3. Nc3 Bg7 4. e4 d6 5. Nf3 O-O 6. h3 e5 7. d5 Na6 8. Be3 Nc5
9. Nd2 a5 10. g4 Bd7 11. Qc2 c6 12. O-O-O a4 13. a3 Qa5 14. Kb1 cxd5 15. exd5
Ne8 16. f3 f5 17. gxf5 gxf5 18. Rg1 Kh8 19. h4 Qd8 20. Bg5 Nf6 21. h5 h6 22. Bh4
Qe8 23. Rg6 Ra6 24. Nb5 Nxh5 25. Rxd6 e4 26. Nc7 Rxd6 27. Nxe8 Rxe8 28. fxe4
fxe4 29. Be2 Nf4 30. Bg3 Rf6 31. Bxf4 Rxf4 32. Ka2 e3 33. Rf1 Bf5 34. Qd1 Rd4 0-1

[Event "4th Mediterranean Open"]
[Site "Rijeka CRO"]
[Date "2010.11.17"]
[Round "6.8"]
[White "Jovanic, Ognjen"]
[Black "Baron, Tal"]
[Result "1/2-1/2"]
[WhiteTitle "GM"]
[BlackTitle "IM"]
[WhiteElo "2532"]
[BlackElo "2455"]
[WhiteFideId "14504081"]
[BlackFideId "2809958"]
[EventDate "2010.11.13"]

1. Nf3 Nf6 2. c4 g6 3. Nc3 d5 4. cxd5 Nxd5 5. h4 h6 6. e4 Nxc3 7. dxc3 Qxd1+ 8.
Kxd1 Nc6 9. Kc2 e5 10. Be3 f6 11. Bc4 h5 12. a4 Bh6 13. Bxh6 Rxh6 14. Nd2 a5 15.
Bb5 Bd7 16. Nc4 Rh7 17. Rhd1 Nd8 18. Rd2 Ne6 19. Rad1 Nc5 20. f3 Bxb5 21. axb5
Rd7 22. Ne3 Rxd2+ 23. Rxd2 Kf7 24. Nd5 Rc8 25. Rd1 Ke6 26. Ne3 b6 27. Nc4 Nb7
28. b3 Nd6 29. Nxd6 cxd6 30. c4 f5 31. Kd3 Rf8 32. Ke3 Rc8 33. Ra1 Rc7 34. Ra2 1/2-1/2